• 首页
  • 本馆介绍
  • 公告通知
  • 最新文献
  • 馆藏检索
  • 电子资源
  • 读者导购
  • 参考咨询
  • 我的图书馆
  • 登录
  • 详细信息显示
  • 放入我的书架
  • 预约/预借图书
  • 作者相关作品
  • 分类相关作品
  • 丛书相关作品
  • 出版社相关作品

书目信息

  • 表格格式
  • 工作单格式
  • 卡片格式
题名:
春秋战国时期法家代表人物简介
    
 
作者: ;北京师范学院历史专业73届工农兵学员 编
分册:  
出版信息: 北京   中华书局  1974
页数: 49页
开本: 19cm
丛书名:
单 册:
中图分类: B226.05
科图分类:
主题词: 法家--历史人物--简介--春秋战国时代 , 法家 , 历史人物
电子资源:
ISBN: 11018.663
000 00873nam0 2200265 450
001 002448018
005 20100713023456.0
010    @a11018.663@dCNY0.12
091    @a11018.663@dCNY0.12
100    @a20030909d1974 em y0chiy0110 ea
101 0  @achi
102    @aCN@b110000
105    @ay z 000yy
106    @ar
200 1  @a春秋战国时期法家代表人物简介@9Chun Qiu Zhan Guo Shi Qi;Ji Fa Jia;Jie Dai Biao Ren Wu Jian Jie @f北京师范学院历史专业73届工农兵学员编
210    @a北京@c中华书局@d1974
215    @a49页@d19cm
300    @a历史知识读物
606 0  @a法家@x历史人物@x简介@z春秋战国时代
606 0  @a法家
606 0  @a历史人物
690    @aB226.05@v4
711 02 @a北京师范学院历史专业73届工农兵学员@9bei jing shi fan xue yuan li shi zhuan ye 73 jie gong nong bing xue yuan@4编
801  0 @aCN@bAzMarc@c20130904
905    @aBZT@dB226.05@e7@f2@sB226.05/7
    
    春秋战国时期法家代表人物简介/北京师范学院历史专业73届工农兵学员编.-北京:中华书局,1974
    49页;19cm
    历史知识读物
    
    ISBN 11018.663:CNY0.12
    
●
相关链接 在五车中查询图书 在当当中查询图书 在豆瓣中查询图书


正题名:春秋战国时期法家代表人物简介     索取号:B226.05/7         预约/预借

序号 登录号 条形码 馆藏地/架位号 状态 备注
1 2000049845   2000049845   旧书回溯/ [索取号:B226.05/7] 在馆    
2 2000049847   2000049847   旧书回溯/ [索取号:B226.05/7] 在馆    
山东省滨州职业学院图书馆 欢迎您!
大连网信软件有限公司© 版权所有